000 00377nam a2200157Ia 4500
003 0STCL
008 150530s9999 xx 000 0 und d
040 _aSTCL
_cSTCL
100 _aSivadasan, M; Mohanan, K.V.
245 _aBiodiversity and ecology concepts and facts
260 _c2000
546 _aEnglish
942 _2ddc
_cBK
999 _c35607
_d35607
005 20220125170349.0